CableFax's Pay - TV Today

Detalles Bibliográficos
Formato: Electrónico Seriadas
Publicado: [S.l.] : [s.n.]
Materias:
Acceso en línea:Full text available from Research Library: 05/15/2000 to 06/08/2001

MARC

LEADER 00000nas a22000003u 4500
001 ssib034510765
003 WaSeSS
005 20200512172242.0
006 m d
007 cr n
008 200512uuuuuuuuu||||| |ss|||||| ||||||d
022 |y 1472-4812 
035 |a (WaSeSS)ssib034510765 
040 |a WaSeSS  |c WaSeSS  |d WaSeSS 
245 0 0 |a CableFax's Pay - TV Today  |h [electronic resource]. 
260 |a [S.l.] :  |b [s.n.] 
500 |a Title from content provider. 
506 |a License restrictions may limit access. 
655 0 |a Electronic journals. 
856 4 0 |z Full text available from Research Library: 05/15/2000 to 06/08/2001  |u https://search.proquest.com/publication/45632